Handbook of methods in nonverbal behavior research /

Bibliographic Details
Other Authors: Scherer, Klaus Rainer, Ekman, Paul
Format: Book
Language:English
Published: Cambridge [Cambridgeshire] ; New York : Paris : Cambridge University Press ; Editions de la Maison des Sciences de l'Homme, 1982.
Series:Studies in emotion and social interaction.
Subjects:

MARC

Tag First Indicator Second Indicator Subfields
LEADER 00000pam a2200000 a 4500
001 in00000087335
005 20151008062916.0
008 810513s1982 enka b 00100 eng
010 |a  81009940  
020 |a 0521236142 
020 |a 0521280729 (pbk.) 
035 |a (OCoLC)07553663 
035 |9 AAK1182AM 
039 0 |a 2  |b 3  |c 3  |d 3  |e 3 
040 |a DLC  |c DLC  |d TXA  |d UtOrBLW 
049 |a TXAM  |c [985689] 
050 0 0 |a BF637 C45  |b  H29 1982 
082 0 |a 152.3/84  |2 19 
245 0 0 |a Handbook of methods in nonverbal behavior research /  |c edited by Klaus R. Scherer and Paul Ekman. 
264 1 |a Cambridge [Cambridgeshire] ;  |a New York :  |b Cambridge University Press ;  |a Paris :  |b Editions de la Maison des Sciences de l'Homme,  |c 1982. 
300 |a xiii, 593 pages :  |b illustrations ;  |c 25 cm. 
336 |a text  |b txt  |2 rdacontent 
337 |a unmediated  |b n  |2 rdamedia 
338 |a volume  |b nc  |2 rdacarrier 
490 1 |a Studies in emotion and social interaction 
504 |a Includes bibliographies and indexes. 
650 0 |a Body language  |x Research. 
650 0 |a Psychology  |x Research  |x Methodology. 
700 1 |a Scherer, Klaus Rainer. 
700 1 |a Ekman, Paul. 
830 0 |a Studies in emotion and social interaction. 
999 |a MARS 
999 f f |s 6f73522e-1447-3b99-8acc-6cfc5742731b  |i 0228c6f4-3f87-3b58-9de2-50f88b76d261  |t 0 
952 f f |p ric  |a Texas A&M University  |b Rellis Campus  |c Joint Library Facility  |d Remote Storage  |t 0  |e BF637 C45 H29 1982  |h Library of Congress classification  |i unmediated -- volume  |m A14805978491 
998 f f |a BF637 C45 H29 1982  |t 0  |l Remote Storage